Незахищені (Record no. 336998)

MARC details
000 -Лідер
fixed length control field 00686nam a22002537a 4500
003 - Ідентифікатор контрольного номера
control field UA-OsUOA
001 - Контрольний номер
control field 50921
007 - Фіксоване поле фізичного опису
fixed length control field ta
008 - Елементи даних фіксованої довжини – загальна інформація
fixed length control field 20071128b un ||||| |||| 00| 0 ukr d
090 ## - Локальний шифр розміщення
Класифікаційний індекс УДК 82-94.161.2
Авторський знак (НП) А84
040 ## - Джерело каталогізації
Агенція оригінальної каталогізації UA-OsUOA
Мова каталогізації ukr
Агенція, яка здійснювала перезапис UA-OsUOA
Агенція, яка здійснювала модифікацію UA-OsUOA
041 ## - Код мови
Код мови тексту/ звукової доріжки чи окремого заголовка (П) ukr
080 ## - Індекс Універсальної десяткової класифікації
Індекс Універсальної десяткової класифікації (УДК) (НП) 82-94.161.2
020 ## - Міжнародний стандартний книжковий номер (ISBN)
Міжнародний стандартний книжковий номер (ISBN) (НП) 978-966-517-572-8
100 ## - Основне введення – ім’я особи
Ім’я особи (НП) Артазей І. В.
245 ## - Відомості про назву
Назва (НП) Незахищені
260 ## - Публікація, розповсюдження і т.п. (Вихідні дані)
Місце публікації, розповсюдження і т.п. (П) Луцьк
Ім’я/ наймення видавництва, розповсюджувача і т.п. (П) Надстир'я
Дата публікації, розповсюдження і т.п. (П) 2007
246 31 - Інша форма назви
Назва (НП) Роздуми про пережите
Номер частини/ розділ роботи (П)
300 ## - Фізичний опис
Обсяг 288 с.
650 #7 - Додаткове предметне введення – тематичний термін
Тематичний термін чи географічна назва, як елемент введення (НП) 82 Література. Літературознавство
Джерело заголовка чи терміна UDC
942 ## - Додаткові елементи входу (Коха)
Тип елемента Koha Books
955 ## - Код типу видання за змістом
Код типу видання за змістом (НП) Науково-популярні видання
Holdings
Стан вилучень Стан втрат Джерело класифікації або схеми стелажів Стан уражень Не для кредиту Постійне місце розташування Поточне розміщення Дата придбання Джерело придбання Вартість, звичайна ціна покупки Інвентарний номер Усього замовленно Повний номер виклику Штрих-код Дата останнього перегляду Ціна ефективна від Тип елемента Koha
    Universal Decimal Classification     АБ - Абонемент НБ АБ - Абонемент НБ 28/11/2007 205/2007 10.00 109606   82-94.161.2 А84 109606 10/02/2022 28/11/2007 Books
    Universal Decimal Classification     АБ - Абонемент НБ АБ - Абонемент НБ 28/11/2007 205/2007 10.00 109607   82-94.161.2 А84 109607 10/02/2022 28/11/2007 Books